[Event "Reggio Emilia8586"]
[Site "Reggio Emilia"]
[Date "1985.??.??"]
[Round "1"]
[White "Ljubojevic, Ljubomir"]
[Black "Portisch, Lajos"]
[Result "1/2-1/2"]
[WhiteElo "2595"]
[BlackElo "2635"]

1.e4 c6 2.d4 d5 3.Nd2 dxe4 4.Nxe4 Bf5 5.Ng3 Bg6 6.h4 h6 7.Nf3 Nd7 8.h5 Bh7
9.Bd3 Bxd3 10.Qxd3 e6 11.Bf4 Qa5+ 12.Bd2 Qc7 13.O-O-O Ngf6 14.Ne4 O-O-O 15.g3 Nc5
16.Nxc5 Bxc5 17.Kb1 Rhe8 18.Bc1 Qe7 19.Qe2 Bb6 20.c4 Kb8 21.Bf4+ Ka8  1/2-1/2

[Event "Reggio Emilia8586"]
[Site "Reggio Emilia"]
[Date "1985.??.??"]
[Round "1"]
[White "Marjanovic, Slavoljub"]
[Black "Nogueiras, Jesus"]
[Result "1-0"]
[WhiteElo "2505"]
[BlackElo "2545"]

1.e4 e6 2.d4 d5 3.Nc3 Bb4 4.e5 Ne7 5.Bd2 c5 6.Nb5 Bxd2+ 7.Qxd2 O-O 8.c3 Nbc6
9.f4 cxd4 10.cxd4 f6 11.exf6 Rxf6 12.Nf3 Bd7 13.Ne5 Nf5 14.Bd3 Rh6 15.O-O-O Nxe5
16.dxe5 Bxb5 17.Bxb5 g5 18.Bd3 gxf4 19.Bxf5 exf5 20.Qxf4 Rg6 21.g3 Qd7 22.Rhf1 Rf8
23.Qd4 Rd8 24.Kb1 Rg4 25.Rf4 b6 26.Qf2 Rf8 27.Qd2 Rxf4 28.gxf4 Rd8 29.Rg1+ Kf7
30.Qg2 d4 31.Qg7+ Ke6 32.Qf6+ Kd5 33.e6  1-0

[Event "Reggio Emilia8586"]
[Site "Reggio Emilia"]
[Date "1985.??.??"]
[Round "2"]
[White "Portisch, Lajos"]
[Black "Romanishin, Oleg M"]
[Result "1-0"]
[WhiteElo "2635"]
[BlackElo "2570"]

1.c4 e5 2.Nc3 Nf6 3.g3 d5 4.cxd5 Nxd5 5.Bg2 Nb6 6.Nf3 Nc6 7.d3 Be7 8.a3 O-O
9.O-O Be6 10.b4 a5 11.b5 Nd4 12.Nd2 c6 13.bxc6 Nxc6 14.Bb2 a4 15.Rc1 Ra5
16.Re1 Qd7 17.Nc4 Nxc4 18.dxc4 Qxd1 19.Nxd1 Rc8 20.h4 Nd4 21.Ne3 b5 22.Nd5 Bf8
23.Bc3 Rxc4 24.e3 Nb3 25.Rcd1 Bxd5 26.Bxa5 Bxg2 27.Kxg2 Nxa5 28.Rd8 Nc6 29.Ra8 g6
30.Rb1 Kg7 31.Rxb5 Bxa3 32.Rb6 Be7 33.Raa6 Nd8 34.Ra7 Bf8 35.Ra5 a3 36.Raa6 h5
37.Rb5 e4 38.Rbb6 Ne6 39.Rb8 Rc2 40.Kg1 a2 41.Kg2 Nc5 42.Raa8 Bd6 43.Rc8  1-0

[Event "Reggio Emilia8586"]
[Site "Reggio Emilia"]
[Date "1985.??.??"]
[Round "3"]
[White "Cebalo, Miso"]
[Black "Portisch, Lajos"]
[Result "0-1"]
[WhiteElo "2485"]
[BlackElo "2635"]

1.d4 d5 2.c4 c6 3.Nf3 Nf6 4.Nc3 dxc4 5.a4 Bf5 6.e3 e6 7.Bxc4 Bb4 8.O-O Nbd7
9.Qb3 a5 10.Nh4 Bg4 11.f3 Bh5 12.g3 O-O 13.e4 Nb6 14.Be3 Nxc4 15.Qxc4 Nd7
16.Ng2 e5 17.Rad1 Qe7 18.Nh4 Bg6 19.Nxg6 hxg6 20.Kg2 exd4 21.Bxd4 Rfd8 22.Qb3 g5
23.Ne2 Nc5 24.Qc2 Ne6 25.b3 Rd7 26.Be3 Rad8 27.f4 gxf4 28.gxf4 Qh4 29.Rxd7 Rxd7
30.Rf3 Be1 31.h3 Qd8 32.Qc4 Nf8 33.f5 Qe8 34.Rf4 Bd2 35.Rf3 Nh7 36.Ng3 Bxe3
37.Rxe3 Rd2+ 38.Re2 b5 39.Qc3 Rxe2+ 40.Nxe2 Qxe4+ 41.Qf3 Qc2 42.axb5 cxb5
43.Kf2 Ng5 44.Qd5 Ne4+ 45.Ke3 Qxe2+  0-1

[Event "Reggio Emilia8586"]
[Site "Reggio Emilia"]
[Date "1985.??.??"]
[Round "3"]
[White "Romanishin, Oleg M"]
[Black "Sosonko, Gennadi"]
[Result "1/2-1/2"]
[WhiteElo "2570"]
[BlackElo "2535"]

1.e4 c5 2.Nf3 Nc6 3.Bb5 d6 4.O-O Bd7 5.Re1 Nf6 6.c3 a6 7.Bxc6 Bxc6 8.d4 Bxe4
9.Bg5 Bd5 10.Nbd2 e6 11.c4 Bxf3 12.Qxf3 cxd4 13.Bxf6 gxf6 14.Qxb7 Bg7 15.Qc6+ Ke7
16.Nf3 f5 17.Rad1 Qc8 18.Qd5 Kd7 19.Qa5 Qc5 20.Qd2 Qxc4 21.Qg5 Rhg8 22.Qh5 Raf8
23.Ng5 d3 24.Nxh7 Bxb2 25.Nxf8+ Rxf8 26.Qf3 Rb8 27.Qxd3 Qxd3 28.Rxd3 Rc8
29.g3 d5 30.Rb3 Rc2 31.Rd1 a5 32.h4 Ke7 33.Rb7+ Kf6 34.Ra7 Ba3 35.Rxa5 Bc5
36.Rf1 d4 37.Rd1 e5 38.a4 e4 39.Rxc5 Rxc5 40.Rxd4 Rc1+ 41.Kg2 Rc2 42.Kf1 Ra2
43.Rb4 Kg6  1/2-1/2

[Event "Reggio Emilia8586"]
[Site "Reggio Emilia"]
[Date "1985.??.??"]
[Round "3"]
[White "Ljubojevic, Ljubomir"]
[Black "Kavalek, Lubomir"]
[Result "1-0"]
[WhiteElo "2595"]
[BlackElo "2555"]

1.e4 e5 2.Nf3 Nc6 3.Bb5 Nf6 4.O-O Nxe4 5.d4 Nd6 6.Bxc6 dxc6 7.dxe5 Nf5 8.Qxd8+ Kxd8
9.Nc3 Ke8 10.b3 h6 11.h3 Be6 12.Bb2 Bb4 13.Ne2 Rd8 14.Nf4 Bd5 15.Nxd5 cxd5
16.g4 Ne7 17.Kg2 Ng6 18.Kg3 c5 19.h4 h5 20.gxh5 Rxh5 21.Kg4 Rh8 22.h5 Nf8
23.Ng5 Ne6 24.f4 Ke7 25.Nf3 g6 26.hxg6 fxg6 27.Rh1 Rdg8 28.Rxh8 Rxh8 29.Rf1 d4
30.Bc1 b5 31.Nh4 Rg8 32.Kf3 Kf7 33.Ke4 Rh8 34.Nxg6 Kxg6 35.f5+ Kf7 36.fxe6+ Kxe6
37.Rf6+ Kd7 38.Kd5 Rd8 39.Rd6+ Kc7 40.Rxd8 Kxd8 41.a3 Bc3 42.Kxc5 Kd7 43.Kd5  1-0

[Event "Reggio Emilia8586"]
[Site "Reggio Emilia"]
[Date "1985.??.??"]
[Round "4"]
[White "Sosonko, Gennadi"]
[Black "Cebalo, Miso"]
[Result "1/2-1/2"]
[WhiteElo "2535"]
[BlackElo "2485"]

1.d4 Nf6 2.c4 e6 3.g3 c5 4.d5 exd5 5.cxd5 d6 6.Nc3 g6 7.Bg2 Bg7 8.Nf3 O-O
9.O-O a6 10.a4 Nbd7 11.Re1 Rb8 12.e4 Ng4 13.Nh4 Nge5 14.Bf1 c4 15.f4 Nd3
16.Bxd3 cxd3 17.Be3 b5 18.axb5 axb5 19.Qxd3 b4 20.Na4 Re8 21.Nf3 Ra8 22.Bd4 Nf6
23.Nb6 Rxa1 24.Rxa1 Bg4 25.Nd2 Qc7 26.Nbc4 b3 27.Ra6 h5 28.Rc6 Qe7 29.Nxd6 Ra8
30.Nxb3 Nxd5 31.Bxg7 Nb4 32.Qc3 Nxc6 33.Qxc6  1/2-1/2

[Event "Reggio Emilia8586"]
[Site "Reggio Emilia"]
[Date "1985.??.??"]
[Round "4"]
[White "Ljubojevic, Ljubomir"]
[Black "Romanishin, Oleg M"]
[Result "1/2-1/2"]
[WhiteElo "2595"]
[BlackElo "2570"]

1.e4 e5 2.Nf3 Nc6 3.Bb5 a6 4.Ba4 Nf6 5.O-O Be7 6.Re1 b5 7.Bb3 d6 8.c3 O-O
9.h3 Na5 10.Bc2 c5 11.d4 Nc6 12.a4 Bd7 13.d5 Na5 14.b4 cxb4 15.cxb4 Nc4 16.Nbd2 Qc7
17.Nxc4 Qxc4 18.Bb3 Qc7 19.a5 Rac8 20.Bb2 h6 21.Nh2 Qa7 22.Rc1 Nh7 23.Rxc8 Rxc8
24.Re2  1/2-1/2

[Event "Reggio Emilia8586"]
[Site "Reggio Emilia"]
[Date "1985.??.??"]
[Round "4"]
[White "Smejkal, Jan"]
[Black "Nogueiras, Jesus"]
[Result "1-0"]
[WhiteElo "2555"]
[BlackElo "2545"]

1.Nf3 Nf6 2.g3 g6 3.c4 c5 4.Bg2 Bg7 5.Nc3 O-O 6.d4 cxd4 7.Nxd4 d6 8.O-O Qa5
9.e3 Nbd7 10.Bd2 Ne5 11.b3 Bg4 12.Qc2 Qc7 13.h3 Bd7 14.Rac1 Rfc8 15.e4 a6
16.Be3 Rab8 17.Qd2 Qd8 18.Rc2 Nc6 19.Nxc6 Bxc6 20.Rfc1 Nd7 21.Nd5 a5 22.Bg5 Bxd5
23.exd5 Bf6 24.h4 Ne5 25.Bxf6 exf6 26.c5 Rxc5 27.Rxc5 dxc5 28.Rxc5 b6 29.Rc3 b5
30.f4 b4 31.Rc1 Qb6+ 32.Kh1 Ng4 33.Bf3 Qe3 34.Qxe3 Nxe3 35.Kg1 Nf5 36.Kf2 Kf8
37.h5 Nd6 38.Rc6 Ke7 39.Ke3 gxh5 40.Bxh5 Rc8 41.g4 Ra8 42.Kd4 a4 43.Rb6 axb3
44.axb3 Ra1 45.Rxb4 Rd1+ 46.Kc5 Rc1+ 47.Kd4 Rd1+ 48.Kc5 Rc1+ 49.Kb6 Rd1 50.Ra4 Rxd5
51.Kc6 Ke6 52.Bxf7+ Nxf7 53.Re4+ Ne5+ 54.Rxe5+  1-0

[Event "Reggio Emilia8586"]
[Site "Reggio Emilia"]
[Date "1985.??.??"]
[Round "5"]
[White "Lobron, Eric"]
[Black "Sosonko, Gennadi"]
[Result "1/2-1/2"]
[WhiteElo "2505"]
[BlackElo "2535"]

1.d4 Nf6 2.Nf3 e6 3.Bg5 c5 4.e3 Be7 5.dxc5 Qa5+ 6.Nbd2 Qxc5 7.a3 Qc7 8.Bd3 b6
9.Qe2 Bb7 10.e4 d6 11.O-O Nbd7 12.Rfe1 O-O 13.c3 h6 14.Bxf6 Bxf6 15.Ba6 Bxa6
16.Qxa6 Nc5 17.Qe2 b5 18.Nd4 a6 19.N2f3 Na4 20.Rad1 Rac8 21.Rd3 Rfd8 22.h3 Nb6  1/2-1/2

[Event "Reggio Emilia8586"]
[Site "Reggio Emilia"]
[Date "1985.??.??"]
[Round "5"]
[White "Marjanovic, Slavoljub"]
[Black "Portisch, Lajos"]
[Result "1/2-1/2"]
[WhiteElo "2505"]
[BlackElo "2635"]

1.e4 c5 2.Nf3 d6 3.d4 cxd4 4.Nxd4 Nf6 5.Nc3 a6 6.Be2 e5 7.Nb3 Be7 8.O-O O-O
9.Be3 Be6 10.Qd2 a5 11.a3 Nc6 12.Rfd1 a4 13.Nc1 Qa5 14.f3 Rfd8 15.Nd5 Bxd5
16.exd5 Nd4 17.Bxd4 exd4 18.Qxd4 Nd7 19.Qb4 Nb6 20.Qxa5 Rxa5 21.Na2 Nxd5
22.Nb4 Ne3 23.Rd3 Bf6 24.c3 Re8 25.Re1 Nc4 26.Rd5 Bd8 27.Kf2 Bb6+ 28.Kg3 Bc5
29.Rdd1 Ne3 30.Bf1 Re6 31.Rxe3 Bxe3 32.Nd5 Bc1 33.Nc7 Rg5+ 34.Kf2 Be3+ 35.Ke2 Ree5
36.c4 Rg6 37.Kd3 Bc5 38.Kc2 Rh6 39.h3 Kf8 40.Bd3 Rf6 41.Be4 b6 42.g3 h5 43.Kd3 Rg5
44.g4 hxg4 45.hxg4 Rh6 46.Bf5 Rh3 47.Ke4 g6 48.Kf4 f6 49.Ne6+ Kf7 50.Nxc5 bxc5
51.Be4 Ke7 52.Rb1 Rh6 53.b3 axb3 54.a4 Re5 55.Rxb3 g5+ 56.Ke3 Rh2 57.Ra3 f5
58.gxf5 g4 59.Kf4 gxf3 60.Bxf3 Kf6 61.a5 Rxf5+ 62.Kg3 Rh7 63.a6 Rg7+ 64.Kf2 Ra7
65.Ke3 Ke5 66.Bb7 Rh5 67.Rd3 Rh4 68.Rd5+ Ke6 69.Kd3 Rh3+ 70.Kd2 Kd7 71.Rd3  1/2-1/2

[Event "Reggio Emilia8586"]
[Site "Reggio Emilia"]
[Date "1985.??.??"]
[Round "6"]
[White "Ljubojevic, Ljubomir"]
[Black "Lobron, Eric"]
[Result "1-0"]
[WhiteElo "2595"]
[BlackElo "2505"]

1.e4 e6 2.d4 d5 3.Nd2 c5 4.Ngf3 cxd4 5.exd5 Qxd5 6.Bc4 Qd6 7.O-O Nf6 8.Nb3 Nc6
9.Nbxd4 Nxd4 10.Nxd4 Bd7 11.a4 Qc7 12.b3 O-O-O 13.Qe2 Bc5 14.Nb5 Bxb5 15.axb5 h5
16.Bb2 Ng4 17.g3 Rh6 18.Ra4 h4 19.Bxe6+ fxe6 20.Rxg4 hxg3 21.hxg3 Rdh8 22.Rxg7 Qd6
23.Qe4 Bxf2+ 24.Kxf2 Rf8+ 25.Ke3 Qb6+ 26.Bd4 Rxf1 27.Qd3 Re1+ 28.Kf2 Qa5  1-0

[Event "Reggio Emilia8586"]
[Site "Reggio Emilia"]
[Date "1985.??.??"]
[Round "6"]
[White "Romanishin, Oleg M"]
[Black "Cebalo, Miso"]
[Result "1-0"]
[WhiteElo "2570"]
[BlackElo "2485"]

1.Nf3 Nf6 2.g3 b5 3.Bg2 Bb7 4.O-O e6 5.d3 Be7 6.e4 d6 7.Na3 a6 8.c4 c6 9.Re1 Nbd7
10.d4 d5 11.e5 Ne4 12.c5 O-O 13.Nd2 Nxd2 14.Bxd2 a5 15.Nc2 Re8 16.Bh3 Nf8
17.b4 a4 18.Re2 Bc8 19.Qf1 Ra7 20.Rae1 g6 21.Qg2 h5 22.Qf3 f5 23.exf6 Bxf6
24.Bh6 Bg7 25.Bxg7 Kxg7 26.Re5 Rf7 27.Qe3 Qf6 28.Re2 Ree7 29.Ne1 Nd7 30.Qd2 Nf8
31.Ng2 Re8 32.Nf4 Kg8 33.R2e3 Bd7 34.Qe2 Rfe7 35.Bg2 Rf7 36.h4 Qd8 37.Bh3 Rxf4
38.gxf4 Qxh4 39.f5 gxf5 40.Bxf5 Re7 41.Rg3+ Rg7 42.Rxg7+ Kxg7 43.Bc2 Be8
44.Qe3 Kf6 45.Qh6+ Ke7 46.Qg7+ Bf7 47.Re3 Qf6 48.Qg3 Nd7 49.Qd6+ Kd8 50.Qxc6 Qxd4
51.Qxb5 h4  1-0

[Event "Reggio Emilia8586"]
[Site "Reggio Emilia"]
[Date "1985.??.??"]
[Round "6"]
[White "Sosonko, Gennadi"]
[Black "Marjanovic, Slavoljub"]
[Result "1/2-1/2"]
[WhiteElo "2535"]
[BlackElo "2505"]

1.d4 d5 2.Nf3 Nf6 3.c4 dxc4 4.Nc3 c5 5.d5 e6 6.e4 exd5 7.e5 Nfd7 8.Bg5 Be7
9.Bxe7 Qxe7 10.Nxd5 Qd8 11.Bxc4 Nc6 12.Qc2 Qa5+ 13.Kf1 Nf8 14.Nf4 Ne6 15.Nxe6 Bxe6
16.Bxe6 fxe6 17.Rd1 Nd4 18.Qc4 O-O 19.Nxd4 cxd4 20.Qxe6+ Kh8 21.g3 Rae8 22.Qd6 Rd8
23.Qe6 Qb5+ 24.Kg2 Rxf2+ 25.Kxf2 Rf8+ 26.Kg2 Qe2+  1/2-1/2

[Event "Reggio Emilia8586"]
[Site "Reggio Emilia"]
[Date "1985.??.??"]
[Round "7"]
[White "Nogueiras, Jesus"]
[Black "Sosonko, Gennadi"]
[Result "1/2-1/2"]
[WhiteElo "2545"]
[BlackElo "2535"]

1.d4 Nf6 2.c4 e6 3.g3 Bb4+ 4.Bd2 Be7 5.Bg2 d5 6.Nf3 O-O 7.O-O c6 8.Bf4 b6
9.Nc3 Bb7 10.Rc1 dxc4 11.Ne5 Nd5 12.Nxc4 Nxf4 13.gxf4 Nd7  1/2-1/2

[Event "Reggio Emilia8586"]
[Site "Reggio Emilia"]
[Date "1985.??.??"]
[Round "7"]
[White "Lobron, Eric"]
[Black "Romanishin, Oleg M"]
[Result "1/2-1/2"]
[WhiteElo "2505"]
[BlackElo "2570"]

1.d4 Nf6 2.Nf3 g6 3.c4 Bg7 4.Nc3 O-O 5.e3 d6 6.Be2 Nc6 7.d5 Nb4 8.O-O a5
9.e4 e6 10.h3 Re8 11.dxe6 Bxe6 12.Re1 Bd7 13.Bd3 a4 14.a3 Nxd3 15.Qxd3 Be6
16.Nd5 Nd7 17.Bg5 Ne5 18.Nxe5 Qxg5 19.Nf3 Qd8 20.Rad1 c6 21.Nf4 Qa5 22.Nxe6 Rxe6
23.Re2 Rae8 24.Rdd2 h6 25.Kf1 Qc5 26.g3 Rb8 27.Kg2 Rbe8 28.h4 Ra8 29.Qc2 Ra6
30.Rd3 Ra8  1/2-1/2

[Event "Reggio Emilia8586"]
[Site "Reggio Emilia"]
[Date "1985.??.??"]
[Round "8"]
[White "Romanishin, Oleg M"]
[Black "Marjanovic, Slavoljub"]
[Result "1-0"]
[WhiteElo "2570"]
[BlackElo "2505"]

1.Nf3 Nf6 2.g3 d5 3.Bg2 Bf5 4.O-O e6 5.d3 Be7 6.c4 c6 7.Be3 h6 8.Qb3 Qc8
9.Nc3 Nbd7 10.Rac1 Qb8 11.Bf4 dxc4 12.Qxc4 e5 13.Be3 Nb6 14.Qb3 Be6 15.Qc2 O-O
16.a3 Nbd5 17.Bd2 c5 18.Nxd5 Nxd5 19.Bc3 Bd6 20.Nd2 b5 21.Ne4 a5 22.a4 b4
23.Be1 Rc8 24.Nd2 Ra7 25.Nc4 Nb6 26.b3 f5 27.Bd2 g5 28.Rcd1 Bf8 29.Bc1 Rd8
30.Bb2 Bg7 31.Qc1 Kh7 32.Qe3 Rd4 33.Bxd4 cxd4 34.Qd2 Bxc4 35.dxc4 Nd7 36.Qc2 e4
37.f3 d3 38.exd3 Bd4+ 39.Kh1 e3 40.f4 g4 41.c5 Nxc5 42.Qc4 Qd6 43.Rfe1 Re7
44.Re2 h5 45.h4 Rd7 46.Rde1 Re7 47.Rd1 Rd7 48.Kh2 Ne6 49.Qb5 Kg6 50.Rc1  1-0

[Event "Reggio Emilia8586"]
[Site "Reggio Emilia"]
[Date "1985.??.??"]
[Round "8"]
[White "Cebalo, Miso"]
[Black "Lobron, Eric"]
[Result "1-0"]
[WhiteElo "2485"]
[BlackElo "2505"]

1.d4 Nf6 2.c4 c5 3.d5 e6 4.Nc3 exd5 5.cxd5 d6 6.e4 g6 7.f4 Bg7 8.Bb5+ Nfd7
9.a4 a6 10.Be2 Qh4+ 11.g3 Qd8 12.Nf3 O-O 13.O-O Re8 14.Qc2 Nf6 15.Kg2 Bg4
16.h3 Bxf3+ 17.Bxf3 Nbd7 18.Re1 Rb8 19.a5 h6 20.Re2 Qc7 21.Bd2 b5 22.axb6 Rxb6
23.Nd1 Qb8 24.Bc3 Nh7 25.Ne3 Bxc3 26.bxc3 Rb5 27.Rxa6 Nb6 28.Ra3 c4 29.Qa2 Qc7
30.Nc2 Rb3 31.Rxb3 cxb3 32.Qxb3 Nf6 33.Nd4 Nfd7 34.Nc6 Nc5 35.Qb4 Nbd7 36.Ra2 Nd3
37.Qb1 N7c5 38.Be2 Nf2 39.e5 dxe5 40.fxe5 Rxe5 41.Nxe5 Qxe5 42.Ra8+ Kg7 43.Qb8  1-0

[Event "Reggio Emilia8586"]
[Site "Reggio Emilia"]
[Date "1985.??.??"]
[Round "9"]
[White "Nogueiras, Jesus"]
[Black "Romanishin, Oleg M"]
[Result "1-0"]
[WhiteElo "2545"]
[BlackElo "2570"]

1.d4 Nf6 2.c4 d6 3.Nc3 g6 4.e4 Bg7 5.f4 O-O 6.Nf3 a6 7.Be2 c6 8.O-O b5 9.e5 Ng4
10.h3 Nh6 11.Be3 Nd7 12.c5 b4 13.Na4 d5 14.Qd2 Qa5 15.b3 Kh8 16.a3 Qc7 17.axb4 Rd8
18.g4 f5 19.g5 Ng8 20.Nc3 Bb7 21.Ra5 e6 22.Rfa1 Qc8 23.Qa2 Nb8 24.b5 cxb5
25.Nxb5 Nc6 26.Nd6 Qc7 27.Ra4 a5 28.Bd2  1-0

[Event "Reggio Emilia8586"]
[Site "Reggio Emilia"]
[Date "1985.??.??"]
[Round "9"]
[White "Marjanovic, Slavoljub"]
[Black "Cebalo, Miso"]
[Result "1/2-1/2"]
[WhiteElo "2505"]
[BlackElo "2485"]

1.e4 c5 2.Nf3 e6 3.c3 d5 4.exd5 exd5 5.d4 c4 6.b3 cxb3 7.axb3 Nc6 8.Be2 Bd6
9.O-O Nge7 10.Re1 O-O 11.Nbd2 Ng6 12.Nf1 h6 13.g3 Bh3 14.Ne3 Nce7 15.Kh1  1/2-1/2

[Event "Reggio Emilia8586"]
[Site "Reggio Emilia"]
[Date "1985.??.??"]
[Round "9"]
[White "Lobron, Eric"]
[Black "Kavalek, Lubomir"]
[Result "1-0"]
[WhiteElo "2505"]
[BlackElo "2555"]

1.e4 e5 2.Nf3 Nc6 3.Bb5 a6 4.Ba4 Nf6 5.O-O Be7 6.Re1 d6 7.Bxc6+ bxc6 8.d4 Nd7
9.Na3 f6 10.Nc4 Nf8 11.Na5 Bd7 12.Qd3 Ne6 13.Be3 Qb8 14.a4 Qc8 15.b4 O-O
16.Rad1 Rf7 17.c3 Bf8 18.Rc1 Qe8 19.Qc4 Kh8 20.Qa2 Nd8 21.c4 exd4 22.Bxd4 Re7
23.Qb1 c5 24.bxc5 Bxa4 25.cxd6 cxd6 26.c5 Re6 27.Qa1 dxc5 28.Bxc5 Bxc5 29.Rxc5 Nf7
30.Rc7 Bb5 31.Nb3 Rc8 32.Rxc8 Qxc8 33.Nbd4 Re8 34.Qa3 Qc7 35.h3 Qd6 36.Qb3 Qd7
37.Nxb5 axb5 38.Rd1 Qb7 39.Rd5 Rxe4 40.Rxb5 Qc7 41.Qc2 Qd7 42.Qxe4 Qxb5 43.Qa8+  1-0

[Event "Reggio Emilia8586"]
[Site "Reggio Emilia"]
[Date "1985.??.??"]
[Round "9"]
[White "Smejkal, Jan"]
[Black "Sosonko, Gennadi"]
[Result "1/2-1/2"]
[WhiteElo "2555"]
[BlackElo "2535"]

1.Nf3 Nf6 2.g3 c5 3.c4 Nc6 4.Bg2 d5 5.cxd5 Nxd5 6.Nc3 g6 7.O-O Bg7 8.Nxd5 Qxd5
9.d3 O-O 10.Be3 Bd7 11.Nd4 Qd6 12.Nxc6 Bxc6 13.Bxc6 Qxc6 14.Rc1 Qe6  1/2-1/2

[Event "Reggio Emilia8586"]
[Site "Reggio Emilia"]
[Date "1985.??.??"]
[Round "10"]
[White "Lobron, Eric"]
[Black "Marjanovic, Slavoljub"]
[Result "1-0"]
[WhiteElo "2505"]
[BlackElo "2505"]

1.e4 c5 2.Nc3 e6 3.Nf3 d6 4.d4 cxd4 5.Nxd4 Nf6 6.g4 h6 7.h4 Nc6 8.Rg1 h5
9.gxh5 Nxh5 10.Bg5 Qb6 11.Nb3 a6 12.Be2 g6 13.Qd2 Be7 14.Rg2 Bd7 15.O-O-O Rc8
16.Kb1 Qc7 17.a3 b5 18.Bxb5 axb5 19.Nxb5 Qb8 20.Bxe7 Qxb5 21.Bxd6 e5 22.Nc5 Bh3
23.Rg5 Rd8 24.Qd5 f6 25.a4 Qb6 26.a5 Nf4 27.axb6 Nxd5 28.exd5 Rxd6 29.Ne4 Rd8
30.Rxg6 Bf5 31.Rxf6 Bxe4 32.Rxc6 O-O 33.b7 Rb8 34.Rc7 Rxf2 35.d6 Rff8 36.d7  1-0

[Event "Reggio Emilia8586"]
[Site "Reggio Emilia"]
[Date "1985.??.??"]
[Round "11"]
[White "Smejkal, Jan"]
[Black "Romanishin, Oleg M"]
[Result "1/2-1/2"]
[WhiteElo "2555"]
[BlackElo "2570"]

1.Nf3 Nf6 2.c4 g6 3.d4 Bg7 4.g3 O-O 5.Bg2 d6 6.O-O c6 7.Nc3 Bf5 8.Nh4 Be6
9.d5 cxd5 10.cxd5 Bd7 11.Be3 b5 12.a3 a5 13.Bd4 Na6 14.Re1 Nc5 15.Rc1 a4
16.Rc2 Nb3 17.e3 Rc8 18.Na2 Rxc2  1/2-1/2

[Event "Reggio Emilia8586"]
[Site "Reggio Emilia"]
[Date "1985.??.??"]
[Round "11"]
[White "Nogueiras, Jesus"]
[Black "Lobron, Eric"]
[Result "1-0"]
[WhiteElo "2545"]
[BlackElo "2505"]

1.d4 Nf6 2.c4 e6 3.g3 Bb4+ 4.Bd2 c5 5.Bg2 Bxd2+ 6.Qxd2 cxd4 7.Nf3 Nc6 8.Nxd4 Qb6
9.e3 d5 10.cxd5 Nxd4 11.Qxd4 Qxd4 12.exd4 Nxd5 13.Nc3 Nxc3 14.bxc3 Rb8 15.Kd2 Ke7
16.Rhb1 b6 17.a4 Bd7 18.c4 Rhc8 19.Bf1 a5 20.Ra2 Kd6 21.Kc3 e5 22.dxe5+ Kxe5
23.Rd2 Be6 24.f4+ Kf6 25.Rd6 Rc5 26.Rbxb6 Rbc8 27.Rb5 Rxc4+ 28.Bxc4 Rxc4+
29.Kd2 Rxa4 30.f5 Ke7 31.Ra6 Ra2+ 32.Ke3 Ra3+ 33.Kd4 Ra4+ 34.Kc3 Bc8 35.Re5+ Kd7
36.Rd5+ Kc7 37.Rc5+  1-0

[Event "Reggio Emilia8586"]
[Site "Reggio Emilia"]
[Date "1985.??.??"]
[Round "11"]
[White "Marjanovic, Slavoljub"]
[Black "Kavalek, Lubomir"]
[Result "1/2-1/2"]
[WhiteElo "2505"]
[BlackElo "2555"]

1.e4 e5 2.Nf3 Nc6 3.Bb5 a6 4.Ba4 Nf6 5.O-O Be7 6.Re1 b5 7.Bb3 d6 8.c3 O-O
9.h3 Nb8 10.d4 Nbd7 11.Nbd2 Bb7 12.Bc2 Re8 13.Nf1 Bf8 14.Ng3 g6 15.a4 c5
16.d5 c4 17.Bg5 Nc5  1/2-1/2